| 000 -LEADER |
| fixed length control field |
04309cam a22006255i 4500 |
| 001 - CONTROL NUMBER |
| control field |
21680985 |
| 003 - CONTROL NUMBER IDENTIFIER |
| control field |
NUST |
| 005 - DATE AND TIME OF LATEST TRANSACTION |
| control field |
20230412164639.0 |
| 006 - FIXED-LENGTH DATA ELEMENTS--ADDITIONAL MATERIAL CHARACTERISTICS |
| fixed length control field |
m |o d | |
| 007 - PHYSICAL DESCRIPTION FIXED FIELD--GENERAL INFORMATION |
| fixed length control field |
cr ||||||||||| |
| 008 - FIXED-LENGTH DATA ELEMENTS--GENERAL INFORMATION |
| fixed length control field |
180220s2018 gw |||| o |||| 0|eng |
| 010 ## - LIBRARY OF CONGRESS CONTROL NUMBER |
| LC control number |
2019747244 |
| 020 ## - INTERNATIONAL STANDARD BOOK NUMBER |
| International Standard Book Number |
9783319757988 |
| 024 7# - OTHER STANDARD IDENTIFIER |
| Standard number or code |
10.1007/978-3-319-75798-8 |
| Source of number or code |
doi |
| 035 ## - SYSTEM CONTROL NUMBER |
| System control number |
(DE-He213)978-3-319-75798-8 |
| 040 ## - CATALOGING SOURCE |
| Original cataloging agency |
DLC |
| Language of cataloging |
eng |
| Description conventions |
pn |
| -- |
rda |
| Transcribing agency |
DLC |
| 072 #7 - SUBJECT CATEGORY CODE |
| Subject category code |
TEC031010 |
| Source |
bisacsh |
| 072 #7 - SUBJECT CATEGORY CODE |
| Subject category code |
THV |
| Source |
thema |
| 072 #7 - SUBJECT CATEGORY CODE |
| Subject category code |
THX |
| Source |
bicssc |
| 082 04 - DEWEY DECIMAL CLASSIFICATION NUMBER |
| Classification number |
307.1216 |
| Edition number |
23 |
| Author Mark |
SHA |
| 245 00 - TITLE STATEMENT |
| Title |
Resilience-Oriented Urban Planning : |
| Remainder of title |
Theoretical and Empirical Insights / |
| Statement of responsibility, etc. |
edited by Yoshiki Yamagata, Ayyoob Sharifi. |
| 250 ## - EDITION STATEMENT |
| Edition statement |
1st ed. 2018. |
| 264 #1 - PRODUCTION, PUBLICATION, DISTRIBUTION, MANUFACTURE, AND COPYRIGHT NOTICE |
| Place of production, publication, distribution, manufacture |
Cham : |
| Name of producer, publisher, distributor, manufacturer |
Springer International Publishing : |
| -- |
Imprint: Springer, |
| Date of production, publication, distribution, manufacture, or copyright notice |
2018. |
| 300 ## - PHYSICAL DESCRIPTION |
| Extent |
1 online resource (X, 228 pages 40 illustrations in color.) |
| 336 ## - CONTENT TYPE |
| Content type term |
text |
| Content type code |
txt |
| Source |
rdacontent |
| 337 ## - MEDIA TYPE |
| Media type term |
computer |
| Media type code |
c |
| Source |
rdamedia |
| 338 ## - CARRIER TYPE |
| Carrier type term |
online resource |
| Carrier type code |
cr |
| Source |
rdacarrier |
| 347 ## - DIGITAL FILE CHARACTERISTICS |
| File type |
text file |
| Encoding format |
PDF |
| Source |
rda |
| 490 1# - SERIES STATEMENT |
| Series statement |
Lecture Notes in Energy, |
| International Standard Serial Number |
2195-1284 ; |
| Volume/sequential designation |
65 |
| 505 0# - FORMATTED CONTENTS NOTE |
| Formatted contents note |
Section 1. Introduction, Ayyoob Sharifi and Yoshiki Yamagata -- Section 2. Planning and decision making process -- Section 3. Urban form and typologies -- Section 3. Resilience measurement methodologies -- Section 5. Case studies -- Section 5. Future directions, Yoshiki Yamagata Ayyoob Sharifi. |
| 520 ## - SUMMARY, ETC. |
| Summary, etc. |
This book explores key theoretical and empirical issues related to the development and implementation of planning strategies that can provide guidance on the transition to climate-compatible and low-carbon urban development. It especially focuses on integrating resilience thinking into the urban planning process, and explains how such an integration can contribute to reflecting the dynamic properties of cities and coping with the uncertainties inherent in future climate change projections. Some of the main questions addressed are: What are the innovative methods and processes needed to incorporate resilience thinking into urban planning? What are the characteristics of a resilient urban form and what are the challenges associated with integrating them into urban development? Also, how can the resilience of cities be measured and what are the main constituents of an urban resilience assessment framework? In addition to addressing these crucial questions, the book features several case studies from around the world, investigating methodologies, challenges, and opportunities for mainstreaming climate resilience in the theory and practice of urban planning. Featuring contributions by prominent researchers from around the world, the book offers a valuable resource for students, academics and practitioners alike. |
| 588 ## - SOURCE OF DESCRIPTION NOTE |
| Source of description note |
Description based on publisher-supplied MARC data. |
| 650 #0 - SUBJECT ADDED ENTRY--TOPICAL TERM |
| Topical term or geographic name entry element |
Climate change. |
| 9 (RLIN) |
5677 |
| 650 #0 - SUBJECT ADDED ENTRY--TOPICAL TERM |
| Topical term or geographic name entry element |
Decision making. |
| 9 (RLIN) |
1911 |
| 650 #0 - SUBJECT ADDED ENTRY--TOPICAL TERM |
| Topical term or geographic name entry element |
Energy and state. |
| 9 (RLIN) |
111808 |
| 650 #0 - SUBJECT ADDED ENTRY--TOPICAL TERM |
| Topical term or geographic name entry element |
Energy policy. |
| 9 (RLIN) |
79577 |
| 650 #0 - SUBJECT ADDED ENTRY--TOPICAL TERM |
| Topical term or geographic name entry element |
Operations research. |
| 650 #0 - SUBJECT ADDED ENTRY--TOPICAL TERM |
| Topical term or geographic name entry element |
Regional planning. |
| 650 #0 - SUBJECT ADDED ENTRY--TOPICAL TERM |
| Topical term or geographic name entry element |
Renewable energy sources. |
| 650 #0 - SUBJECT ADDED ENTRY--TOPICAL TERM |
| Topical term or geographic name entry element |
Urban planning. |
| 9 (RLIN) |
111809 |
| 650 14 - SUBJECT ADDED ENTRY--TOPICAL TERM |
| Topical term or geographic name entry element |
Renewable and Green Energy. |
| Authority record control number or standard number |
https://scigraph.springernature.com/ontologies/product-market-codes/111000 |
| 9 (RLIN) |
111810 |
| 650 24 - SUBJECT ADDED ENTRY--TOPICAL TERM |
| Topical term or geographic name entry element |
Climate Change/Climate Change Impacts. |
| Authority record control number or standard number |
https://scigraph.springernature.com/ontologies/product-market-codes/313000 |
| 9 (RLIN) |
111811 |
| 650 24 - SUBJECT ADDED ENTRY--TOPICAL TERM |
| Topical term or geographic name entry element |
Energy Policy, Economics and Management. |
| Authority record control number or standard number |
https://scigraph.springernature.com/ontologies/product-market-codes/112000 |
| 9 (RLIN) |
111812 |
| 650 24 - SUBJECT ADDED ENTRY--TOPICAL TERM |
| Topical term or geographic name entry element |
Landscape/Regional and Urban Planning. |
| Authority record control number or standard number |
https://scigraph.springernature.com/ontologies/product-market-codes/J15000 |
| 9 (RLIN) |
111813 |
| 650 24 - SUBJECT ADDED ENTRY--TOPICAL TERM |
| Topical term or geographic name entry element |
Operations Research/Decision Theory. |
| Authority record control number or standard number |
https://scigraph.springernature.com/ontologies/product-market-codes/521000 |
| 9 (RLIN) |
111814 |
| 700 1# - ADDED ENTRY--PERSONAL NAME |
| Personal name |
Sharifi, Ayyoob. |
| Relator term |
editor. |
| 9 (RLIN) |
111815 |
| 700 1# - ADDED ENTRY--PERSONAL NAME |
| Personal name |
Yamagata, Yoshiki. |
| Relator term |
editor. |
| 9 (RLIN) |
111816 |
| 776 08 - ADDITIONAL PHYSICAL FORM ENTRY |
| Relationship information |
Print version: |
| Title |
Resilience-oriented urban planning. |
| International Standard Book Number |
9783319757971 |
| Record control number |
(DLC) 2018932185 |
| 776 08 - ADDITIONAL PHYSICAL FORM ENTRY |
| Relationship information |
Printed edition: |
| International Standard Book Number |
9783319757971 |
| 776 08 - ADDITIONAL PHYSICAL FORM ENTRY |
| Relationship information |
Printed edition: |
| International Standard Book Number |
9783319757995 |
| 776 08 - ADDITIONAL PHYSICAL FORM ENTRY |
| Relationship information |
Printed edition: |
| International Standard Book Number |
9783319892887 |
| 830 #0 - SERIES ADDED ENTRY--UNIFORM TITLE |
| Uniform title |
Lecture Notes in Energy, |
| International Standard Serial Number |
2195-1284 ; |
| Volume/sequential designation |
65 |
| 9 (RLIN) |
111817 |
| 906 ## - LOCAL DATA ELEMENT F, LDF (RLIN) |
| a |
0 |
| b |
ibc |
| c |
origres |
| d |
u |
| e |
ncip |
| f |
20 |
| g |
y-gencatlg |
| 942 ## - ADDED ENTRY ELEMENTS (KOHA) |
| Source of classification or shelving scheme |
|
| Koha item type |
Book |